<?xml version="1.0" encoding="UTF-8"?>
<record
    xmlns:xsi="http://www.w3.org/2001/XMLSchema-instance"
    xsi:schemaLocation="http://www.loc.gov/MARC21/slim http://www.loc.gov/standards/marcxml/schema/MARC21slim.xsd"
    xmlns="http://www.loc.gov/MARC21/slim">

  <leader>00733nam a22001937a 4500</leader>
  <controlfield tag="005">20241109092044.0</controlfield>
  <controlfield tag="008">221215b           ||||| |||| 00| 0 eng d</controlfield>
  <datafield tag="040" ind1=" " ind2=" ">
    <subfield code="c">AL</subfield>
  </datafield>
  <datafield tag="041" ind1=" " ind2=" ">
    <subfield code="a">Hindi</subfield>
  </datafield>
  <datafield tag="082" ind1=" " ind2=" ">
    <subfield code="2">23</subfield>
    <subfield code="a">H891.4</subfield>
    <subfield code="b">THAB</subfield>
  </datafield>
  <datafield tag="100" ind1=" " ind2=" ">
    <subfield code="a">Kedarnath Thakur  </subfield>
    <subfield code="9">184651</subfield>
  </datafield>
  <datafield tag="100" ind1=" " ind2=" ">
    <subfield code="9">66080</subfield>
    <subfield code="d">&#x915;&#x947;&#x926;&#x93E;&#x930;&#x928;&#x93E;&#x925; &#x920;&#x93E;&#x915;&#x941;&#x930; </subfield>
  </datafield>
  <datafield tag="245" ind1=" " ind2=" ">
    <subfield code="a">Bastar Bhushan Arathat Bastar Rajya Ka Varnan  </subfield>
    <subfield code="b">&#x92C;&#x938;&#x94D;&#x924;&#x930; &#x92D;&#x942;&#x937;&#x923;  &#x905;&#x930;&#x94D;&#x925;&#x93E;&#x924;  &#x92C;&#x938;&#x94D;&#x924;&#x94D;&#x930; &#x930;&#x93E;&#x91C;&#x94D;&#x92F; &#x915;&#x93E;  &#x935;&#x930;&#x94D;&#x923;&#x928; </subfield>
  </datafield>
  <datafield tag="260" ind1=" " ind2=" ">
    <subfield code="a">Chhattisgarh</subfield>
    <subfield code="b">Itihasha Dephana</subfield>
  </datafield>
  <datafield tag="300" ind1=" " ind2=" ">
    <subfield code="a">147 p.</subfield>
    <subfield code="b">PB</subfield>
    <subfield code="c">21.7x13.7 cm.</subfield>
  </datafield>
  <datafield tag="650" ind1=" " ind2=" ">
    <subfield code="a">Hindi Prose</subfield>
    <subfield code="9">66081</subfield>
  </datafield>
  <datafield tag="700" ind1=" " ind2=" ">
    <subfield code="a">THAKUR ( Kedarnath)   &#x920;&#x93E;&#x915;&#x941;&#x930; ( &#x915;&#x947;&#x926;&#x93E;&#x930;&#x928;&#x93E;&#x925;)</subfield>
    <subfield code="9">66082</subfield>
  </datafield>
  <datafield tag="942" ind1=" " ind2=" ">
    <subfield code="2">ddc</subfield>
    <subfield code="c">GF</subfield>
  </datafield>
  <datafield tag="999" ind1=" " ind2=" ">
    <subfield code="c">225765</subfield>
    <subfield code="d">225765</subfield>
  </datafield>
  <datafield tag="952" ind1=" " ind2=" ">
    <subfield code="0">0</subfield>
    <subfield code="1">0</subfield>
    <subfield code="2">ddc</subfield>
    <subfield code="4">0</subfield>
    <subfield code="7">0</subfield>
    <subfield code="8">HIN</subfield>
    <subfield code="a">AL</subfield>
    <subfield code="b">AL</subfield>
    <subfield code="d">2013-03-23</subfield>
    <subfield code="l">0</subfield>
    <subfield code="o">H891.4 THAB</subfield>
    <subfield code="p">GF02678</subfield>
    <subfield code="r">2022-12-15 00:00:00</subfield>
    <subfield code="w">2022-12-15</subfield>
    <subfield code="y">GF</subfield>
  </datafield>
</record>
